000 00338nam a2200133 4500
001 16367
090 _a16367
100 _a20250718 pory50
200 _aTrês Séculos no mar
_fComandante António Marques Esparteiro
210 _aLisboa
_d1977
215 _a179p.
225 _aColeção Estudos;
_h8)
801 _aPT
_bBMA
_gRPC
990 _cLIVROS